Japan Academy Prizes du meilleur film d'animation en images - Statistiques

Statistiques générales
  • Ce quiz a été pris 54 fois
    10 depuis la dernière actualisation
  • Le résultat moyen est 16 sur 20
Statistiques - réponses
Par images Hint Réponse % Correct
2026 Demon Slayer: Kimetsu no Yaiba : La Forteresse infinie
100%
2021 Demon Slayer: Kimetsu no Yaiba, le film : Le Train de l'Infini
100%
2022 Evangelion: 3.0+1.0 Thrice Upon a Time
100%
2024 Le Garçon et le héron
100%
2014 Le vent se lève
100%
2011 Arrietty : Le Petit Monde des Chapardeurs
89%
2015 Doraemon et moi
89%
2020 Les Enfants du temps
89%
2013 Les Enfants loups, Ame et Yuki
89%
2009 Ponyo sur la falaise
89%
2016 Le Garçon et la Bête
78%
2010 Summer Wars
78%
2012 La Colline aux coquelicots
67%
2007 La Traversée du temps
67%
2023 The First Slam Dunk
67%
2008 Amer Béton
56%
2017 Dans un recoin de ce monde
56%
2025 Look Back
56%
2019 Miraï, ma petite sœur
56%
2018 Night Is Short, Walk On Girl
44%
Aucun quiz correspondant
Distribution des résultats
% des personnes avec chaque résultat
Percentile par nombre de réponses
Votre historique - résultats
Vous n’avez pas pris ce quiz depuis la dernière actualisation